Vzťah nezamestnanosti a chudoby

Salvato in:
Dettagli Bibliografici
Autore principale: Duľová Spišáková, Emília, 1983-
Natura: Capitolo di libro
Lingua:slovacco
Soggetti:
Tags: Aggiungi Tag
Nessun Tag, puoi essere il primo ad aggiungerne!!

MARC

LEADER 00000naa$a2200000$$$4500
001 0271325
005 20240502074252.0
041 0 |a slo 
044 |a SK 
245 1 0 |a Vzťah nezamestnanosti a chudoby  |c Emília Duľová Spišáková 
610 2 0 |a chudoba 
610 2 0 |a nezamestnanosť 
610 2 0 |a koronavírus 
610 2 0 |a príjmy 
100 1 |a Duľová Spišáková, Emília, 1983-